000 00630nam a22001817a 4500
010 _aENG-119569
020 _c450.00
_a9788189331238
035 _aEN-103101
037 _bDBAD/PUB
082 _a305.42
100 _aGupta, Rashmi
245 _aDefending feminism in the works of henrik ibsen and nayantara sahgal / /
_cby Rashmi Gupta
260 _aChandigarh
_bEnkay Enterprises Publisher, Distributor & Exporter
_c2017
270 _aSCO 49-51, Basement, Sector 17C
_bChandigarh
_e160017
300 _a120p.
_c23cm(Hb)
500 _a Includes bibliographical references
942 _2ddc
_cEN
_h305.42
_mGUP
999 _c143298
_d143298